00501 2200181 4500001002100000005001500021008004100036020002200077035001900099041000700118082001600125090002200141100002300163245005700186260004000243300001900283650001700302INLIS00000000001340620241224114542241224||||||||| | ||| |||| || |  a978-602-9018-56-1 0010-1224013406 aid0 a338.0461065 a338.0461065 SUS l0 aSusatyo Herlambang00aLangkah Awal ENTERPRENEURSHIP:UNTUK TENAGA KESEHATAN aYogyakartabGosyen Publishingc2012 a154hlm;14X20cm 0aIlmu Ekonomi